<?xml version="1.0" encoding="UTF-8"?><?xml-stylesheet type="text/xsl" href="static/style.xsl"?><OAI-PMH xmlns="http://www.openarchives.org/OAI/2.0/" xmlns:xsi="http://www.w3.org/2001/XMLSchema-instance" xsi:schemaLocation="http://www.openarchives.org/OAI/2.0/ http://www.openarchives.org/OAI/2.0/OAI-PMH.xsd"><responseDate>2026-04-18T07:38:02Z</responseDate><request verb="GetRecord" identifier="oai:www.recercat.cat:2072/318990" metadataPrefix="marc">https://recercat.cat/oai/request</request><GetRecord><record><header><identifier>oai:recercat.cat:2072/318990</identifier><datestamp>2024-12-13T10:21:18Z</datestamp><setSpec>com_2072_63437</setSpec><setSpec>com_2072_63434</setSpec><setSpec>com_2072_63412</setSpec><setSpec>com_2072_2015</setSpec><setSpec>col_2072_63438</setSpec></header><metadata><record xmlns="http://www.loc.gov/MARC21/slim" xmlns:dcterms="http://purl.org/dc/terms/" xmlns:xsi="http://www.w3.org/2001/XMLSchema-instance" xmlns:doc="http://www.lyncode.com/xoai" xsi:schemaLocation="http://www.loc.gov/MARC21/slim http://www.loc.gov/standards/marcxml/schema/MARC21slim.xsd">
   <leader>00925njm 22002777a 4500</leader>
   <datafield ind2=" " ind1=" " tag="042">
      <subfield code="a">dc</subfield>
   </datafield>
   <datafield ind2=" " ind1=" " tag="720">
      <subfield code="a">Fernández Sánchez, Ana</subfield>
      <subfield code="e">author</subfield>
   </datafield>
   <datafield ind2=" " ind1=" " tag="520">
      <subfield code="a">El treball s'emmarca en la voluntat de millorar els processos de comunicació entre la família i l'escola dins un paradigma de complexitat. La proposta pretén contribuir en la pràctica reflexiva i la sensibilització de la comunitat educativa (equip educatiu i directiu, AMPA, Serveis educatius Xarxa d'Entorn) de la idea de la coresponsabilitat, esdevé cabdal entre ambdós sistemes. En base a les condicions facilitadores de les relacions Huguet (1996), entesa des de l'obertura dels sistemes i apostant per la creació de xarxes com a nínxol connectiu.</subfield>
   </datafield>
   <datafield ind2=" " ind1=" " tag="520">
      <subfield code="a">El trabajo se enmarca en la voluntad de mejorar los procesos de comunicación entre la familia y la escuela dentro de un paradigma de complejidad. La propuesta pretende contribuir en la práctica reflexiva y la sensibilización de la comunidad educativa (equipo educativo y directivo, AMPA, Servicios educativos Red de Entorno) de la idea de la corresponsabilidad,
acontece capital entre ambos sistemas. En base a las condiciones facilitadores de las relaciones Huguet (1996), entente desde la apertura de los sistemas y apostando por la creación de redes como nicho conectivo.</subfield>
   </datafield>
   <datafield ind2=" " ind1=" " tag="520">
      <subfield code="a">The work focuses on the will to improve the processes of communication between the family and the school within a paradigm of complexity. The proposal aims to contribute to the reflective practice and the awareness of the educational community (educational and managerial team, AMPA, Educational Services Network) of the idea of co-responsibility,
Between the two systems. Based on the facilitating conditions of the Huguet (1996) relations, from the opening of the systems and betting on the creation of networks as a connective niche.</subfield>
   </datafield>
   <datafield ind1="8" ind2=" " tag="024">
      <subfield code="a">http://hdl.handle.net/10609/60905</subfield>
   </datafield>
   <datafield tag="653" ind2=" " ind1=" ">
      <subfield code="a">família</subfield>
   </datafield>
   <datafield tag="653" ind2=" " ind1=" ">
      <subfield code="a">escola</subfield>
   </datafield>
   <datafield tag="653" ind2=" " ind1=" ">
      <subfield code="a">intervenció psicopedagògica</subfield>
   </datafield>
   <datafield tag="653" ind2=" " ind1=" ">
      <subfield code="a">familia</subfield>
   </datafield>
   <datafield tag="653" ind2=" " ind1=" ">
      <subfield code="a">escuela</subfield>
   </datafield>
   <datafield tag="653" ind2=" " ind1=" ">
      <subfield code="a">intervención psicopedagógica</subfield>
   </datafield>
   <datafield tag="653" ind2=" " ind1=" ">
      <subfield code="a">family</subfield>
   </datafield>
   <datafield tag="653" ind2=" " ind1=" ">
      <subfield code="a">school</subfield>
   </datafield>
   <datafield tag="653" ind2=" " ind1=" ">
      <subfield code="a">intervention of the educational psychology</subfield>
   </datafield>
   <datafield tag="653" ind2=" " ind1=" ">
      <subfield code="a">Educational psychology -- TFG</subfield>
   </datafield>
   <datafield tag="653" ind2=" " ind1=" ">
      <subfield code="a">Psicologia pedagògica -- TFG</subfield>
   </datafield>
   <datafield tag="653" ind2=" " ind1=" ">
      <subfield code="a">Psicología pedagógica -- TFG</subfield>
   </datafield>
   <datafield ind2="0" ind1="0" tag="245">
      <subfield code="a">Memòria del Practicum II. Intervenció psicopedagògica per a la millora dels processos de comunicació entre la família i l'escola. Participació des de la corresponsabilitat dins la comunitat educativa</subfield>
   </datafield>
</record></metadata></record></GetRecord></OAI-PMH>